000 00684nas a2200241 4500
001 BR8706214
003 BR-BrBNA
005 20231205090839.0
007 ta
008 230509b bl.|||p| |||| 00| 00por d
040 _aBR-BrBNA
_bpor
_cBiblioteca Nacional de Agricultura
041 _a(Pt)
072 _aF70
100 1 _aSmith, L.B.
100 1 _aDowns, R.J.
245 1 _aResumo preliminar das Amarantaceas de Santa Catarina [Brasil]
650 _aAMARANTACEA
650 _aTAXONOMIA VEGETAL
650 _aSANTA CATARINA
773 0 _tSellowia (Brazil)
_x
_g(May 1960), v. 12(12) p. 99-120
_wBR8706214
909 _a202311
_bLúcia
_c55
_dLúcia Elande
942 _2AGRIS
_n0
_cANA
999 _c121222
_d121222